000 00741nam a2200205 a 4500
005 20240924064028.0
008 070829s19982004mx r 000 0 spa d
035 _aUPN01000151603
049 _aCG
050 4 _aH61
_bT4.4
100 1 _aTezanos de Mañana, Araceli
245 1 4 _aUna etnografía de la etnografía :
_baproximaciones metodológicas para la enseñanza del enfoque cualitativo-interpretativo para la investigacion social /
_cAraceli de Tezanos.
260 _aBogotá :
_bAntropos,
_c1998 (2004 impr.).
300 _a193 p.
440 0 _aPedagogía Siglo XXI
650 4 _aInvestigación
_xMetodología
_95209
650 4 _aEducación
_xInvestigación
_94070
650 4 _aETNOLOGIA -
_xINVESTIGACION
_913141
905 _aLibro
999 _c123739
_d123739